Statistics for Πρωτεύουσες της Νότιας Αμερικής

Click here to take the quiz!

General Stats

  • This quiz has been taken 164 times
  • The average score is 9 of 12

Answer Stats

ΧώραΠρωτεύουσα/ες% Correct
ΑργεντινήΜπουένος Άιρες
95%
ΒραζιλίαΜπραζίλια
94%
ΠερούΛίμα
88%
ΒενεζουέλαΚαράκας
85%
ΚολομβίαΜπογκοτά
75%
ΟυρουγουάηΜοντεβιδέο
74%
ΧιλήΣαντιάγο
71%
Ισημερινός (Εκουαδόρ)Κίτο
65%
ΒολιβίαΣούκρε / Λα Πας
59%
ΠαραγουάηΑσουνσιόν
59%
ΣουρινάμΠαραμαρίμπο
53%
ΓουιάναΤζώρτζταουν
40%

Score Distribution

Percentile by Number Answered

Percent of People with Each Score

Your Score History

You have not taken this quiz